000 00288nam a2200121Ia 4500
100 _aVan Vlack/L.H
942 _cBK
654 _aMaterial Science
245 _aElements of Materials Science & Engineering
260 _bAddison Wesly
_aReading
_c1989
300 _a598
546 _aENGLISH
999 _c32154
_d32154